| 000 | 00351nam a2200121Ia 4500 | ||
|---|---|---|---|
| 008 | 230907s9999||||xx |||||||||||||| ||und|| | ||
| 082 |
_a621.3121 _bMAH |
||
| 100 |
_aMahmoud, S. Magdi _9115119 |
||
| 245 | 0 | _aControl and optimization of distributed generation systems / | |
| 260 |
_aSpringer _bNew York _c2015 |
||
| 300 | _axxviii, 578 p.: | ||
| 942 | _cBK | ||
| 999 |
_c597625 _d597625 |
||